000 00567nam a2200205 4500
003 OSt
005 20260601193840.0
008 260506b |||||||| |||| 00| 0 eng d
020 _a1564966925
040 _aICI
_bspa
_cICI
050 _aNC997
_b.L37
100 1 _aDangel Cullen, Cheryl
245 1 _aLarge Graphics
_bDesign Innovation for Oversized Spaces.
264 _bRockport Publishers
_c2000
_aEstados Unidos
300 _a176 páginas
336 _atexto
_2rdacontent
337 _asin medio
_2rdamedia
338 _avolumen
_2rdacarrier
942 _2ddc
_cB
_n1
999 _c21393
_d21393